Southville International School and Colleges

Jenny : (Record no. 261500)

000 -LEADER
fixed length control field 00778cam a22002773a 4500
001 - CONTROL NUMBER
control field 32245
003 - CONTROL NUMBER IDENTIFIER
control field PGUSA
005 - DATE AND TIME OF LATEST TRANSACTION
control field 20140828083710.0
008 - FIXED-LENGTH DATA ELEMENTS--GENERAL INFORMATION
fixed length control field 100504s2010||||xxu|||||s|||||000 1 eng d
040 ## - CATALOGING SOURCE
Original cataloging agency PGUSA
Language of cataloging eng
042 ## - AUTHENTICATION CODE
Authentication code dc
050 #4 - LIBRARY OF CONGRESS CALL NUMBER
Classification number PT
100 1# - MAIN ENTRY--PERSONAL NAME
Personal name Undset, Sigrid,
Dates associated with a name 1882-1949
245 10 - TITLE STATEMENT
Title Jenny :
Remainder of title Roman
Medium [electronic resource] /
Statement of responsibility, etc Sigrid Undset
260 ## - PUBLICATION, DISTRIBUTION, ETC. (IMPRINT)
Name of publisher, distributor, etc Project Gutenberg,
Date of publication, distribution, etc 2010
506 ## - RESTRICTIONS ON ACCESS NOTE
Terms governing access Public domain in the USA.
516 ## - TYPE OF COMPUTER FILE OR DATA NOTE
Type of computer file or data note Electronic text
653 ## - INDEX TERM--UNCONTROLLED
Uncontrolled term Illegitimate children -- Fiction
653 ## - INDEX TERM--UNCONTROLLED
Uncontrolled term Young women -- Fiction
653 ## - INDEX TERM--UNCONTROLLED
Uncontrolled term Painters -- Fiction
653 ## - INDEX TERM--UNCONTROLLED
Uncontrolled term Adultery -- Fiction
653 ## - INDEX TERM--UNCONTROLLED
Uncontrolled term Artists -- Fiction
830 #0 - SERIES ADDED ENTRY--UNIFORM TITLE
Uniform title Project Gutenberg
Volume number/sequential designation 32245
856 40 - ELECTRONIC LOCATION AND ACCESS
Uniform Resource Identifier http://www.gutenberg.org/ebooks/32245
942 ## - ADDED ENTRY ELEMENTS (KOHA)
Koha item type eBooks
Holdings
Current Location Permanent Location Koha item type Damaged status Date last seen Withdrawn status Price effective from Date acquired Lost status
Project GutenbergProject GutenbergeBooks 2014-08-28 2014-08-282014-08-28 
Powered by Koha